| 000 | 01089nac a22002771i 4500 | ||
|---|---|---|---|
| 003 | EG-ScBUE | ||
| 005 | 20240714121450.0 | ||
| 008 | 110105s2007 le f b 000 0 ara d | ||
| 020 | _a9953438897 | ||
| 020 | _a9789953438894 | ||
| 040 |
_aEG-ScBUE _bara _erda _cEG-ScBUE _dEG-ScBUE |
||
| 082 | 0 | 4 |
_a953.01 _bد ل و _222 |
| 100 | 1 |
_aدلو، برهان الدين، _eمؤلف. _921738 |
|
| 245 | 1 | 0 |
_aجزيرة العرب قبل الإسلام : _bالتاريخ الاقتصادي - الاجتماعي - الثقافي - والسياسي / _cبرهان الدين دلو. |
| 250 | _aالطبعة الثالثة. | ||
| 264 | 1 |
_aبيروت : _bدار الفارابي، _c2007. |
|
| 300 |
_a840 صفحة ؛ _c24 سم |
||
| 336 |
_2rdacontent _aنص _btxt |
||
| 337 |
_aبدون وسيط _2rdamedia _bn |
||
| 338 |
_aمجلد _bnc _2rdacarrier |
||
| 504 | _aيشتمل على إرجاعات ببليوجرافية. | ||
| 650 | 7 |
_aالجاهلية. _2BUEsh _921735 |
|
| 651 | 7 |
_921737 _aشبه الجزيرة العربية _xتاريخ. _2BUEsh |
|
| 655 | _vReading book | ||
| 942 |
_cBB _2ddc |
||
| 999 |
_c7892 _d7892 |
||